000 00627npc a2200217Ia 4500
001 dg12-554 [d000000462]
003 IT-MiCISF
005 20250829190959.0
008 161014s9999||||xx | und||
040 _aIT-MiCISF
_cIT-MiCISF
041 _ait
100 _aDonati Pierpaolo
_956154
245 0 _aI nuovi bisogni delle famiglie e le prospettive nelle politiche di Welfare
260 _a Firenze ,
_c1990
300 _app. 15
500 _a / politica-familiare, politiche-sociali, bisogni-famiglia, welfare /
650 _apolitica-familiare
654 _asaggio
942 _cDD
_2ddc
999 _c207854
_d207854
999 _bsi